000 00207nam a22000857a 4500
020 _a9772455915000
082 _aK050
245 _aNATIONAL GEOGRAPHIC KIDS WEIRD BUT TRUE CUTE SERVALS SEPTEMBER 2019
942 _cBK
999 _c5560
_d5560